000 00505nam a2200169 i 4500
001 23162
003 ES-MaACL
005 20230906152827.0
007 t|
008 021209s1965 sp ||||1| spa d
100 1 _aAlonso, Isidoro.
_920207
245 1 3 _aLa Iglesia en Filipinas /
_cIsidoro Alonso.
260 _aMadrid :
_bComisión Episcopal de Cooperación Hispano-Americana,
_c1965.
300 _a63 p. ;
_c22 cm.
651 4 _aFilipinas-
_xHistoria eclesiástica.
_98661
852 _aES-MaACL
_jC-28043
999 _c23162
_d23162